| 000 | 00893nam a22002897a 4500 | ||
|---|---|---|---|
| 003 | CHAP | ||
| 005 | 20220329141704.0 | ||
| 008 | 971013s1971 mx r 00010 spa d | ||
| 010 | _a72227 | ||
| 011 | _a73199 | ||
| 035 | _a82756 | ||
| 040 | _cCHAP | ||
| 090 | _aFolleto 1728 | ||
| 110 | 2 |
_aBanco Nacional de México, S. A. _99889 |
|
| 245 | 1 | _aBibliografía sobre moneda y banca, 1970 | |
| 260 |
_aMéxico, D. F. : _bEl Banco, _c1971 |
||
| 300 | _a77 h. | ||
| 590 |
_aBATCH-UPD _b10 _c20130110 _lUCH01 _h0402 |
||
| 590 |
_aBATCH-UPD _b10 _c20130410 _lUCH01 _h0035 |
||
| 590 |
_aBATCH-UPD _b10 _c20130914 _lUCH01 _h0533 |
||
| 590 |
_aCONVERSION _b10 _c20130109 _lUCH01 _h1340 |
||
| 650 | 1 | 4 |
_aBancos y operaciones bancarias _xMéxico _xBiblografías. _99923 |
| 650 | 1 | 4 |
_aMoneda _xBibliografía. _977501 |
| 901 | _aBK | ||
| 942 | _cFOLL | ||
| 949 |
_aFolleto 1728 _bBC _cFOLL _d-36970 _eTS1 _i82756 _si |
||
| 999 |
_c72227 _d72227 |
||